| 000 | 03613cam a2200397 i 4500 | ||
|---|---|---|---|
| 000 | nam a22 7a 4500 | ||
| 001 | 21353405 | ||
| 005 | 20231030092324.0 | ||
| 008 | 191115s2018 mx ab b 000 0 spa | ||
| 906 |
_a7 _bcbc _corigres _d2 _encip _f20 _gy-gencatlg |
||
| 925 | 0 |
_aacquire _b1 shelf copy _xpolicy default |
|
| 955 |
_dbf09 2020-09-29 (telework) _ebf09 2020-09-29 (telework) |
||
| 010 | _a 2020367051 | ||
| 020 | _a9786075255583 | ||
| 035 | _a(Mx-MxBFM)bfm970189090 | ||
| 040 |
_aDLC _beng _erda _cDLC |
||
| 042 | _apcc | ||
| 043 | _an-mx--- | ||
| 050 | 0 | 0 |
_aHQ1462 _b.C345 2018 |
| 245 | 0 | 0 |
_aCaminar por senderos propios : _blas mujeres en los siglos XVII-XX / _cGloria A. Tirado Villegas, Elva Rivera Gómez, coordinadoras. |
| 250 | _aPrimera edición. | ||
| 264 | 1 |
_aPuebla, Pue. : _bBenemérita Universidad Autónoma de Puebla ; _aQuerétaro, Querétaro, México : _bUniversidad Autónoma de Querétaro, _c[2018?] |
|
| 300 |
_a226 pages : _billustrations, maps ; _c23 cm |
||
| 336 |
_atext _btxt _2rdacontent |
||
| 337 |
_aunmediated _bn _2rdamedia |
||
| 338 |
_avolume _bnc _2rdacarrier |
||
| 500 | _aContains photos, maps, graphs, tables. | ||
| 504 | _aIncludes bibliographical references. | ||
| 505 | 0 | _aLa importancia de la transgresión en los estudios de vida cotidiana : Acapulco, siglo XVII / Luz Alejandra Cárdenas Santana -- Manuel Contreras, una mujer con espIritu moderno / Ana María del Socorro García García, Rocío Ochoa García [y] Julieta Arcos Chigo -- Angela Peralta : el Ruiseñor Mexicano, a través de la prensa queretana / Olivia Solís Hernández, María Concepción Padilla González -- La voz femenina en la prensa pedagógica mexicana : el caso de la profesora Clemencia Ostos a principios del siglo XX / Ana María del Socorro García García [y] Edwin Alberto Morales Vázquez -- Las mujeres de la educación : Oaxaca y la participación de las maestras en el porfiriato / Elva Rivera Gómez -- Las mujeres y la violencia en Puebla : entre dos realidades, el porfiriato / Elva Rivera Gómez -- Las mujeres y la violencia en Puebla : entre dos realidades, el porfiriato y su pantalla de progreso / Rita Martín Hernández Dávila -- Ante el deber, el derecho : madre, mujer y obrera frente al artículo constitucional 123 (1917-1920) / Ana Karen López Candia -- Entre el desencanto y la esperanza : acercamiento a las voces polifónicas del último discurso de Hermila Galindo, la feminista más relevante de la Revolución Mexicana / Rosa María Valles Ruiz -- Muchachas en acción : México como potencia en el basquetbol feminil de 1946 / Xochitl Andrea Sen Santos -- Una historia de resilencia y memoria : Judith García Barrera / Gloria Arminda Tirado Villegas -- Las cuidadoras de enfermos mentales : dos testimonios de madres de enfermos que esquizofrenia / Susana Torres Ortiz [y] Victoria Rita Ortiz Loyo -- Una mujer emprendedora y líder en el Valle del Mezquital, Hidalgo / María Elena Torres Cuevas -- Las feministas hacen suya la radio : Del Foro para la Mujer a Radio Violeta / Elvira Hernández Carballido [y] Layla Sánchez Kury -- Discursos representativos de la mujer migrante en la radionovela mexicana del siglo XXI / Mónica Ginez Toriz [y] Ulises Sebastián Serrano Arias. | |
| 650 | 0 |
_aWomen _zMexico _xHistory. |
|
| 650 | 0 |
_aWomen _zMexico _vBiography. |
|
| 700 | 1 |
_aTirado Villegas, Gloria, _eeditor. |
|
| 700 | 1 |
_aRivera Gómez, Elva, _eeditor. |
|
| 923 |
_d20191211 _n3558 _sMx-MxBFM |
||
| 985 | _eVENDOR LOAD | ||
| 999 |
_c62080 _d62080 |
||
| 980 |
_61 _aALBERTO SANCHEZ Responsable de Automatización _81 _gALBERTO SANCHEZ Responsable de Automatización |
||